Vražda v rodině /

Detektivní román, ve kterém se velmi svérázným způsobem vyšetřuje vražda po dvaceti letech.

Hlavní autor: Hunter, Cara
Další autoři: Polochová, Markéta, 1982-
Jazyk: Čeština
Vydáno: Brno : Host, 2024
Vydání: První vydání
Témata:
Fyzický popis: 503 stran : ilustrace, mapy, portréty ; 21 cm
Knihy
Uloženo v:
LEADER 02346nam a2200481 i 4500
001 nkc20243641127
003 CZ PrNK
005 20250204125225.0
007 ta
008 241105s2024 xr abc g 000 f cze
015 |a cnb003641127 
020 |a 978-80-275-2203-3  |q (vázáno) 
035 |a (OCoLC)1505966194 
040 |a ABG001  |b cze  |e rda 
041 1 |a cze  |h eng 
072 7 |a 821.111-3  |x Anglická próza, anglicky psaná  |2 Konspekt  |9 25 
080 |a 821.111-31  |2 MRF 
080 |a (0:82-312.4)  |2 MRF 
100 1 |a Hunter, Cara  |7 xx0228286  |4 aut 
240 1 0 |a Murder in the family.  |l Česky 
245 1 0 |a Vražda v rodině /  |c Cara Hunterová ; přeložila Markéta Polochová 
250 |a První vydání 
264 1 |a Brno :  |b Host,  |c 2024 
300 |a 503 stran :  |b ilustrace, mapy, portréty ;  |c 21 cm 
336 |a text  |b txt  |2 rdacontent 
337 |a bez média  |b n  |2 rdamedia 
338 |a svazek  |b nc  |2 rdacarrier 
500 |a Přeloženo z angličtiny 
520 2 |a Detektivní román, ve kterém se velmi svérázným způsobem vyšetřuje vražda po dvaceti letech.  |b V říjnu 2003, když bylo Guyi Howardovi deset let, byl jeho nevlastní otec Luke Ryder nalezen mrtvý na zahradě rodinného domu v luxusní londýnské čtvrti. Navzdory dlouhému vyšetřování, jemuž se u britských bezpečnostních složek dostalo jasné priority, nebylo nikdy vzneseno žádné obvinění a případ zůstal nevyřešen. Nyní budou tajemství odhalena - a to doslova v přímém přenosu. Skupina odborníků znovu prozkoumá důkazy v true crime pořadu "Nechvalně proslulí" a stopy začnou vyplouvat na povrch. Nakladatelská anotace. 
655 7 |a anglické romány  |7 fd131814  |2 czenas 
655 7 |a detektivní romány  |7 fd132010  |2 czenas 
655 7 |a thrillery (romány)  |7 fd184206  |2 czenas 
655 9 |a English fiction  |2 eczenas 
655 9 |a detective novels  |2 eczenas 
655 9 |a thrillers (novels)  |2 eczenas 
700 1 |a Polochová, Markéta,  |d 1982-  |7 mzk2011641904  |4 trl 
910 2 |a BOA001  |b 2-1537.607 
920 |a 5024371  |z ABG001 
990 |a BK 
995 |a 01 
991 |b 202501  |c NOV 
996 6 |b 2610992385  |c 2-1537.607  |l MZK  |r Sklad / do 1 hodiny  |n 0  |p p.v.  |w 001991445  |u 000010  |a 1  |e BOA001  |j MZK50  |s P 
996 7 |b 2610992386  |c 2-1537.607  |l MZK  |r Sklad / do 1 hodiny  |n 7  |p p.v.  |w 001991445  |u 000020  |a 1  |e BOA001  |j MZK50  |s A